Szczegóły MARC21

American panorama : English through content, American history, high intermediate/ advanced EFL /

003 -Nazwa inst., której nr kontr. jest w polu 001 [,]
    • @
    • Nazwa instytucji, której n kontrolny jest w polu 001
    • NUKAT
005 -DATA I CZAS OSTATNIEJ MODYFIKACJI [,]
    • @
    • pole kontrolne
    • 20250710211351.0
040 -Instytucja sporządzająca opis [ , ]
    • a
    • Instytucja, która sporządziła opis (NP)
    • POZN U/KABK
    • c
    • Instytucja, która sporządziła rekord (NP)
    • POZN U/OBs
    • d
    • Instytucja, która zmodyfikowała rekord (P)
    • POZN U/JG
942 -Rodzaj dokumentu [ , ]
    • c
    • Rodzaj dokumentu
    • Książka
100 -Hasło główne - nazwa osobowa [1, ]
    • a
    • Nazwa osobowa (NP)
    • Kral, Thomas
    • c
    • Dopowiedzenie inne niż daty biograficzne (P)
    • (językoznawca).
    • 9
    • KHW
    • 592469
245 -Strefa tytułu i oznaczenia odpowiedzialności [1,0]
    • a
    • Tytuł
    • American panorama : Find
    • b
    • Ciąg dalszy tytułu (NP)
    • English through content, American history, high intermediate/ advanced EFL / Find
    • c
    • Pozostałe elementy strefy tytułu i oznaczenia odpowiedzialności (NP)
    • Thomas Kral.
260 -Strefa adresu wydawniczego [ , ]
    • a
    • Miejsce wydania (P)
    • Washington :
    • b
    • Nazwa wydawcy (P)
    • English Language Programs Division United States Information Agency,
    • c
    • Data wydania (P)
    • 1995.
300 -Strefa opisu fizycznego [ , ]
    • a
    • Określenie formy książki i/lub objętość (NP)
    • [8], 253 s. :
    • b
    • Oznaczenie ilustracji (NP)
    • il. ;
    • c
    • Format (NP)
    • 26 cm.
336 -Typ zawartości [ , ]
    • a
    • Termin opisujący typ zawartości
    • Tekst
    • b
    • Kod określający zawartość
    • txt
    • 2
    • Źródło (terminu i kodu)
    • rdacontent
337 -Typ mediów [ , ]
    • a
    • Tryb odtwarzania
    • Bez urządzenia pośredniczącego
    • b
    • Kod typu mediów
    • n
    • 2
    • Źródło (terminu i kodu)
    • rdamedia
338 -Typ/rodzaj nośnika [ , ]
    • a
    • Hasło opisujące typ nośnika
    • Wolumin
    • b
    • Kod typu nośnika
    • nc
    • 2
    • Źródło (terminu i kodu)
    • rdacarrier
500 -Uwaga ogólna [ , ]
    • a
    • Uwaga ogólna (NP)
    • Na s. tyt.: An integrated course in EFL and American History to be used with the MacGraw Hill video series American History.
504 -Uwaga dot. bibliogr. załącznikowej [ , ]
    • a
    • Uwaga dot. bibliografii załącznikowej
    • Bibliogr. s. 248-252.
080 -Uniwersalna Klasyfikacja Dziesiętna [ , ]
    • a
    • Symbol klasyfikacji
    • 802.0(07)=20
080 -Uniwersalna Klasyfikacja Dziesiętna [ , ]
    • a
    • Symbol klasyfikacji
    • :973::008=20
650 -Hasło przedmiotowe [ ,7]
    • a
    • Hasło przedmiotowe
    • Język angielski
    • v
    • Określnik formalny
    • podręczniki.
    • 2
    • Źródło terminu
    • kaba
    • 9
    • KHW
    • 350000
650 -Hasło przedmiotowe [ ,7]
    • a
    • Hasło przedmiotowe
    • Język angielski
    • v
    • Określnik formalny
    • podręczniki dla obcojęzycznych.
    • 2
    • Źródło terminu
    • kaba
    • 9
    • KHW
    • 615140
980 -Symbol UKD [ , ]
    • a
    • UKD
    • 802.0(07):973::008]=20
710 -Hasło dodatkowe - nazwa ciała zbiorowego [1, ]
    • a
    • Nazwa ciała zbiorowego lub nazwa geograficzna jako pierwszy element (NP)
    • Stany Zjednoczone.
    • b
    • Nazwa jednostki podrzędnej (P)
    • United States Information Agency.
    • b
    • Nazwa jednostki podrzędnej (P)
    • English Language Programs Division.
    • 4
    • Kod relacji
    • pbl
    • 9
    • KHW
    • 82874
Numer inwentarzowy Status udost. Data inwentaryzacji Lokalizacja Sygnatura
A.577212000-08-16BMANG. Historia Stanów Zjedn. 21
A.632822002-03-22BM 
A.6681-32002-10-04BM 
A.6682-32002-10-04BM 
A.668322002-10-04BM 
A.668422002-10-04BM